[Event "XXVII. Rhein-Main-Open, Gruppe A"]
[Site "Bad Homburg vor der Höhe"]
[Date "2025.06.22"]
[Round "7.2"]
[White "Nothnagel, Marian Can"]
[Black "Akhmatovski, Maxim"]
[Result "1-0"]
[WhiteElo "2434"]
[BlackElo "2108"]
[PlyCount "81"]
[GameId "535116227302"]
[EventDate "2025.06.18"]
[WhiteTeam "SK Bickenbach"]
[BlackTeam "SV Oberursel"]

1. e4 e6 2. d3 d5 3. Nd2 Nf6 4. Ngf3 Nc6 5. c3 Bd6 6. b4 O-O 7. Bb2 e5 8. g3 dxe4 9. dxe4 h6 10. Bg2 Be6 11. O-O a5 12. a3 Re8 13. Qe2 Qc8 14. Nc4 Bh3 15. Nh4 Bxg2 16. Kxg2 Bf8 17. f3 b5 18. Ne3 Qb7 19. Rfd1 Rad8 20. Kf1 Nb8 21. Nhg2 c5 22. Rxd8 Rxd8 23. bxa5 Nc6 24. a4 b4 25. Qb5 Qa8 26. a6 b3 27. Nc4 Qc8 28. Nge3 Ne8 29. Rd1 Rxd1+ 30. Nxd1 Qd7 31. Ke2 f5 32. a7 Nc7 33. Qb7 Qf7 34. Nde3 Nxa7 35. Qxa7 f4 36. Nxe5 fxg3 37. hxg3 Qh5 38. N5g4 Bd6 39. f4 Qh1 40. Qb8+ Kh7 41. Qxb3 1-0

[Event "XXVII. Rhein-Main-Open, Gruppe A"]
[Site "Bad Homburg vor der Höhe"]
[Date "2025.06.22"]
[Round "7.3"]
[White "Lesny, Florian"]
[Black "Haack, Kevin"]
[Result "0-1"]
[WhiteElo "2230"]
[BlackElo "2390"]
[PlyCount "68"]
[GameId "535116227303"]
[EventDate "2025.06.18"]
[WhiteTeam "SF Hünstetten"]
[BlackTeam "SV 1920 Hofheim"]

1. e4 e6 2. d4 d5 3. e5 c5 4. c3 Nc6 5. Nf3 Bd7 6. Be2 Nge7 7. Na3 cxd4 8. cxd4 Nf5 9. Nc2 Be7 10. O-O O-O 11. Bd3 f6 12. Bxf5 exf5 13. Bf4 g5 14. exf6 Bxf6 15. Bd6 Re8 16. Re1 Re4 17. Qd3 Be6 18. Bc5 b6 19. Ba3 Qd7 20. Red1 Bf7 21. Nd2 Ree8 22. f4 Bh5 23. Re1 gxf4 24. b3 Re4 25. Bb2 Kh8 26. Nxe4 fxe4 27. Qf1 Qd6 28. Ba3 Qc7 29. Rac1 Rg8 30. Nb4 Bxd4+ 31. Kh1 f3 32. Rc2 fxg2+ 33. Rxg2 Rxg2 34. Kxg2 Bf3+ 0-1

[Event "XXVII. Rhein-Main-Open, Gruppe A"]
[Site "Bad Homburg vor der Höhe"]
[Date "2025.06.22"]
[Round "7.4"]
[White "Musiienko, Tymur"]
[Black "Milov, Leonid"]
[Result "0-1"]
[WhiteElo "2115"]
[BlackElo "2404"]
[PlyCount "68"]
[GameId "535116227304"]
[EventDate "2025.06.18"]
[WhiteTeam "Wiesbadener SV 1885"]
[BlackTeam "SC Noris-Tarrasch Nürnberg 1873"]

1. d4 f5 2. Nf3 Nf6 3. Bf4 d6 4. c4 g6 5. e3 Bg7 6. Nc3 Nc6 7. Be2 O-O 8. Bg3 h6 9. h3 e6 10. O-O g5 11. c5 dxc5 12. dxc5 Qe7 13. Rc1 e5 14. Bb5 f4 15. exf4 exf4 16. Re1 Qxc5 17. Qb3+ Kh8 18. Na4 Qb4 19. Bh2 Qxb3 20. axb3 Nd5 21. Bxc6 bxc6 22. h4 g4 23. Ne5 Bf5 24. Nxc6 Rae8 25. Nxa7 g3 26. fxg3 Bd4+ 27. Kh1 Bxa7 28. gxf4 Be4 29. Nc3 Nxc3 30. bxc3 Bf2 31. Rf1 Be3 32. Ra1 Rg8 33. Ra2 Rxg2 34. Rxg2 Rg8 0-1

[Event "XXVII. Rhein-Main-Open, Gruppe A"]
[Site "Bad Homburg vor der Höhe"]
[Date "2025.06.22"]
[Round "7.5"]
[White "Sydykov, Bayastan"]
[Black "Bollmann, Henrik"]
[Result "1-0"]
[WhiteElo "2301"]
[BlackElo "2109"]
[PlyCount "57"]
[GameId "535116227305"]
[EventDate "2025.06.18"]
[WhiteTeam "SK 1858 Gießen"]
[BlackTeam "SC Bad Nauheim"]

1. e4 c5 2. Nf3 e6 3. d4 cxd4 4. Nxd4 a6 5. Bd3 Nf6 6. Qe2 d6 7. c4 g6 8. O-O Bg7 9. Be3 O-O 10. Nc3 Nbd7 11. Rfd1 Ne5 12. h3 Qc7 13. Rac1 b6 14. b3 Bb7 15. Bb1 Rfe8 16. Qd2 Bf8 17. Nde2 Rac8 18. Ng3 Qb8 19. Bxb6 d5 20. cxd5 exd5 21. exd5 Bb4 22. Bd4 Nxd5 23. Qb2 Nxc3 24. Bxc3 Bxc3 25. Rxc3 Rxc3 26. Qxc3 Qa8 27. f4 Rd8 28. Rxd8+ Qxd8 29. Qxe5 1-0

[Event "XXVII. Rhein-Main-Open, Gruppe A"]
[Site "Bad Homburg vor der Höhe"]
[Date "2025.06.22"]
[Round "7.6"]
[White "Henrich, Thomas"]
[Black "Solonar, Stefan"]
[Result "1/2-1/2"]
[WhiteElo "2083"]
[BlackElo "2265"]
[PlyCount "40"]
[GameId "535116227306"]
[EventDate "2025.06.18"]
[WhiteTeam "SK Marburg 1931/72"]
[BlackTeam "SC Heusenstamm"]

1. e4 c5 2. Nf3 Nc6 3. d4 cxd4 4. Nxd4 e5 5. Nb5 d6 6. N1c3 a6 7. Na3 Be7 8. Nc4 b5 9. Ne3 Nf6 10. Ned5 O-O 11. Be3 Rb8 12. Nxf6+ Bxf6 13. Qd2 Be6 14. Be2 Qc8 15. O-O b4 16. Nd5 Bxd5 17. Qxd5 Ne7 18. Qb3 Qc6 19. Rfd1 Rfc8 20. Rac1 a5 1/2-1/2

[Event "XXVII. Rhein-Main-Open, Gruppe A"]
[Site "Bad Homburg vor der Höhe"]
[Date "2025.06.22"]
[Round "7.7"]
[White "Poetsch, Hagen"]
[Black "Klein, Levent"]
[Result "1-0"]
[WhiteElo "2490"]
[BlackElo "2036"]
[PlyCount "77"]
[GameId "535116227307"]
[EventDate "2025.06.18"]
[WhiteTeam "SC Heusenstamm"]
[BlackTeam "SK Kaiserslautern 1905"]

1. e4 c6 2. d4 d5 3. e5 Bf5 4. h4 h5 5. Bd3 Bxd3 6. Qxd3 e6 7. Nf3 Ne7 8. Bg5 Qb6 9. Nbd2 Qa6 10. c4 Nf5 11. O-O Nd7 12. Qc3 dxc4 13. Nxc4 Nb6 14. Ne3 Ne7 15. a4 Ned5 16. Qc2 Nb4 17. Qb3 Qd3 18. Qxd3 Nxd3 19. a5 Nd5 20. Nd2 Be7 21. Ne4 Bxg5 22. Nd6+ Ke7 23. hxg5 b6 24. Ra3 N3b4 25. Nxd5+ exd5 26. Rc1 f6 27. Nf5+ Kf7 28. exf6 gxf6 29. Re1 fxg5 30. Nd6+ Kg7 31. Re7+ Kg6 32. Re6+ Kh7 33. Rh3 h4 34. f4 Kg7 35. f5 Rhf8 36. Rg6+ Kh7 37. Rxg5 Kh6 38. Rg6+ Kh5 39. g4# 1-0

[Event "XXVII. Rhein-Main-Open, Gruppe A"]
[Site "Bad Homburg vor der Höhe"]
[Date "2025.06.22"]
[Round "7.8"]
[White "Thomas, Tobias"]
[Black "Schmid, Roland"]
[Result "0-1"]
[WhiteElo "2010"]
[BlackElo "2193"]
[PlyCount "128"]
[GameId "535116227308"]
[EventDate "2025.06.18"]
[WhiteTeam "SK Langen"]
[BlackTeam "SG Post/Süd Regensburg"]

1. c4 Nf6 2. g3 e6 3. Bg2 d5 4. Nf3 Be7 5. O-O O-O 6. b3 b6 7. Bb2 Bb7 8. Ne1 c5 9. e3 Nc6 10. d4 cxd4 11. exd4 Rc8 12. Nd2 Ba6 13. Rc1 Bb4 14. Nc2 Bxd2 15. Qxd2 dxc4 16. Bxc6 c3 17. Qxc3 Nd5 18. Qf3 Rxc6 19. Ne3 Rxc1 20. Rxc1 Qe7 21. Nxd5 exd5 22. Qe3 Qd7 23. Re1 h6 24. Qf3 Rc8 25. a4 Rc2 26. Ba3 Ra2 27. Bb4 Qc6 28. Kg2 Bc8 29. Re7 Be6 30. Qc3 Qxc3 31. Bxc3 Ra3 32. Rxa7 Rxb3 33. Bd2 Bf5 34. a5 Be4+ 35. Kf1 bxa5 36. Rxa5 Bf3 37. Ra1 Rd3 38. Be3 Kh7 39. h3 g5 40. g4 h5 41. gxh5 Kh6 42. h4 f6 43. hxg5+ fxg5 44. Kg1 Kxh5 45. Kh2 Kh4 46. Rg1 g4 47. Rg3 Rb3 48. Rg1 Rb2 49. Rg3 Rb7 50. Rg1 Rh7 51. Bc1 Re7 52. Be3 Kh5 53. Kg3 Kg6 54. Rc1 Kf5 55. Rc8 Ke4 56. Ra8 Rf7 57. Re8+ Kd3 58. Rg8 Be2 59. Ra8 Rf3+ 60. Kg2 Rh3 61. Ra3+ Ke4 62. f3+ Bxf3+ 63. Kf2 g3+ 64. Ke1 Rh1+ 0-1

[Event "XXVII. Rhein-Main-Open, Gruppe A"]
[Site "Bad Homburg vor der Höhe"]
[Date "2025.06.22"]
[Round "7.9"]
[White "Özdemir, Ali Özden"]
[Black "Tiarks, Jann-Christian"]
[Result "1/2-1/2"]
[WhiteElo "2066"]
[BlackElo "2228"]
[PlyCount "53"]
[GameId "535116227309"]
[EventDate "2025.06.18"]
[WhiteTeam "SK Langen"]
[BlackTeam "SG 1871 Löberitz"]

1. e4 c5 2. Nf3 d6 3. d4 cxd4 4. Nxd4 Nf6 5. Nc3 a6 6. Rg1 e5 7. Nb3 Be6 8. g4 d5 9. exd5 Nxd5 10. Nxd5 Qxd5 11. Qxd5 Bxd5 12. Be3 Nc6 13. c3 O-O-O 14. Nd2 Bd6 15. O-O-O Bc7 16. Bc4 Bxc4 17. Nxc4 Rxd1+ 18. Kxd1 Kd7 19. Nd2 Ne7 20. Ne4 Nd5 21. Ke2 Nxe3 22. Kxe3 g6 23. b4 Bb6+ 24. Ke2 Bc7 25. Rg3 b6 26. Rh3 h6 27. Rf3 1/2-1/2

[Event "XXVII. Rhein-Main-Open, Gruppe A"]
[Site "Bad Homburg vor der Höhe"]
[Date "2025.06.22"]
[Round "7.10"]
[White "Rubsamen, Cornelius"]
[Black "McAdam, Mark"]
[Result "1/2-1/2"]
[WhiteElo "2181"]
[BlackElo "2008"]
[PlyCount "33"]
[GameId "535116227310"]
[EventDate "2025.06.18"]
[WhiteTeam "Königsspringer Karben"]
[BlackTeam "SC Brett vorm Kopp Ffm"]

1. e4 c6 2. d4 d5 3. e5 Bf5 4. Nf3 e6 5. Be2 c5 6. c3 Nc6 7. O-O Bg4 8. Nbd2 cxd4 9. cxd4 Nge7 10. h3 Bxf3 11. Nxf3 Nf5 12. a3 Be7 13. b4 O-O 14. Bb2 Rc8 15. Bd3 g6 16. Qd2 Nh4 17. Nxh4 1/2-1/2

[Event "XXVII. Rhein-Main-Open, Gruppe A"]
[Site "Bad Homburg vor der Höhe"]
[Date "2025.06.22"]
[Round "7.11"]
[White "Gao, Chenzhuo"]
[Black "Stork, Christopher"]
[Result "0-1"]
[WhiteElo "1707"]
[BlackElo "2132"]
[PlyCount "82"]
[GameId "535116227311"]
[EventDate "2025.06.18"]
[WhiteTeam "SC Rotenburg"]
[BlackTeam "SV Oberursel"]

1. d4 Nf6 2. Nf3 g6 3. c4 Bg7 4. Nc3 d6 5. e4 O-O 6. Be2 e5 7. O-O Bg4 8. d5 a5 9. h3 Bxf3 10. Bxf3 Nbd7 11. Be3 Ne8 12. a3 f5 13. b4 b6 14. Be2 Nef6 15. Qc2 f4 16. Bd2 g5 17. Rfb1 Kh8 18. Qd1 Rg8 19. Nb5 Nxe4 20. Bc1 Nef6 21. Bb2 Re8 22. Kh2 Re7 23. Rc1 Nf8 24. Rc2 Ng6 25. g3 Rf7 26. Bf3 Qd7 27. Bc3 a4 28. Bb2 Re8 29. Bg2 g4 30. h4 Ne7 31. Nc3 Nf5 32. Rcc1 Bh6 33. Rcb1 fxg3+ 34. fxg3 Nh5 35. Ne4 Nfxg3 36. Bc1 Bxc1 37. Rxc1 Nxe4 38. Bxe4 Ref8 39. c5 g3+ 40. Kg1 Qh3 41. Ra2 Rf2 0-1

[Event "XXVII. Rhein-Main-Open, Gruppe A"]
[Site "Bad Homburg vor der Höhe"]
[Date "2025.06.22"]
[Round "7.13"]
[White "Wolf, Ulrich Martin"]
[Black "Sreeramulu, Aarush"]
[Result "1/2-1/2"]
[WhiteElo "2152"]
[BlackElo "2032"]
[PlyCount "87"]
[GameId "535116227313"]
[EventDate "2025.06.18"]
[WhiteTeam "SK Bad Homburg 1927"]
[BlackTeam "SK Marburg 1931/72"]

1. Nf3 d5 2. g3 Nf6 3. Bg2 Bf5 4. O-O e6 5. c4 c6 6. d4 h6 7. Nc3 Nbd7 8. Nd2 Be7 9. e4 dxe4 10. Ndxe4 Nxe4 11. Nxe4 Nf6 12. Nc3 O-O 13. Be3 Ng4 14. Bf4 Bd6 15. h3 Nf6 16. Be3 Rc8 17. Qe2 Qe7 18. Rfe1 c5 19. Rad1 a6 20. g4 Bg6 21. g5 hxg5 22. Bxg5 cxd4 23. Rxd4 Rfd8 24. Nd5 exd5 25. Qxe7 Bxe7 26. Rxe7 dxc4 27. Bxf6 gxf6 28. Rxd8+ Rxd8 29. Bxb7 a5 30. Rc7 Rd2 31. Rxc4 Rxb2 32. Bd5 Rd2 33. Rc5 Rd1+ 34. Kh2 a4 35. Bc4 Rd2 36. Ra5 Rxf2+ 37. Kg3 Rc2 38. Rxa4 Bf5 39. Bf1 Rc3+ 40. Kh2 Rc2+ 41. Kg1 Rc1 42. Kf2 Rc2+ 43. Ke1 Rc1+ 44. Kf2 1/2-1/2

[Event "XXVII. Rhein-Main-Open, Gruppe A"]
[Site "Bad Homburg vor der Höhe"]
[Date "2025.06.22"]
[Round "7.14"]
[White "von Auer, Ulrich"]
[Black "Erdmann, Stefan"]
[Result "0-1"]
[WhiteElo "1980"]
[BlackElo "2117"]
[PlyCount "38"]
[GameId "535116227314"]
[EventDate "2025.06.18"]
[WhiteTeam "SV Oberursel"]
[BlackTeam "SK Bad Homburg 1927"]

1. d4 d5 2. c4 c6 3. Nf3 Nf6 4. Nc3 a6 5. a4 e6 6. Bf4 Bb4 7. e3 O-O 8. Qb3 a5 9. Bd3 b6 10. O-O-O Ba6 11. Ne5 Qe7 12. g4 dxc4 13. Bxc4 Nd5 14. Ne4 b5 15. Bd3 bxa4 16. Qc2 Bxd3 17. Qxd3 a3 18. Ng5 axb2+ 19. Kxb2 Bc3+ 0-1

[Event "XXVII. Rhein-Main-Open, Gruppe A"]
[Site "Bad Homburg vor der Höhe"]
[Date "2025.06.22"]
[Round "7.16"]
[White "Musiienko, Platon"]
[Black "von Wahden, Jens"]
[Result "1-0"]
[WhiteElo "2018"]
[BlackElo "1952"]
[PlyCount "135"]
[GameId "535116227316"]
[EventDate "2025.06.18"]
[WhiteTeam "Wiesbadener SV 1885"]
[BlackTeam "SV Oberursel"]

1. e4 e6 2. d4 d5 3. Nd2 h6 4. Ngf3 c5 5. exd5 exd5 6. Bb5+ Bd7 7. Bxd7+ Qxd7 8. O-O Nf6 9. Re1+ Be7 10. dxc5 O-O 11. Nb3 Nc6 12. c3 Rfd8 13. Be3 Ne4 14. Qe2 Re8 15. Qd3 Rad8 16. Rad1 Qc7 17. Qb5 Rd7 18. h3 a6 19. Qa4 Red8 20. c4 d4 21. Nbxd4 Nxc5 22. Qc2 Nxd4 23. Rxd4 Ne6 24. Rxd7 Qxd7 25. a3 Qd3 26. Qxd3 Rxd3 27. Kf1 Bf6 28. Bc1 Rb3 29. Nd2 Rd3 30. Ne4 Bd4 31. b4 Rb3 32. Nd6 b6 33. Nf5 Bf6 34. g3 Kf8 35. Ke2 h5 36. Rd1 Rc3 37. Ne3 Rb3 38. Nd5 Be7 39. a4 a5 40. b5 Bc5 41. Be3 Rb2+ 42. Rd2 Nd4+ 43. Bxd4 Rxd2+ 44. Kxd2 Bxd4 45. f3 Ke8 46. Kd3 Bc5 47. Nf4 g6 48. Ke4 Kd7 49. Kd5 Bf2 50. g4 hxg4 51. hxg4 Be3 52. Nd3 f6 53. c5 bxc5 54. Nxc5+ Kc7 55. Nb3 Kb6 56. Ke6 g5 57. Kxf6 Bf4 58. Ke6 Be3 59. Kd5 Bf2 60. Nd4 Be3 61. Ne6 Bd2 62. Ke4 Bc1 63. f4 gxf4 64. Nxf4 Bd2 65. g5 Kc5 66. g6 Bc3 67. Ne6+ Kb4 68. Nd4 1-0

[Event "XXVII. Rhein-Main-Open, Gruppe A"]
[Site "Bad Homburg vor der Höhe"]
[Date "2025.06.22"]
[Round "7.17"]
[White "Bezsonna, Polina"]
[Black "Derr, Oleg"]
[Result "0-1"]
[WhiteElo "1972"]
[BlackElo "2103"]
[PlyCount "66"]
[GameId "535116227317"]
[EventDate "2025.06.18"]
[WhiteTeam "SK Bad Homburg 1927"]
[BlackTeam "VSG 1880 Offenbach"]

1. e4 c5 2. Nf3 Nc6 3. d4 cxd4 4. Nxd4 e5 5. Nb5 d6 6. c4 g6 7. N1c3 a6 8. Na3 Nf6 9. Nc2 Bg7 10. Be2 Be6 11. Be3 Rc8 12. b3 O-O 13. O-O Ne7 14. Qd3 b5 15. Nd5 Nfxd5 16. exd5 Nxd5 17. cxd5 Bf5 18. Qd1 Bxc2 19. Qe1 e4 20. Rc1 Bc3 21. Bd2 Bb2 22. Rxc2 Rxc2 23. Bd1 Rc8 24. Qxe4 Re8 25. Qg4 Qf6 26. Bf3 Qd4 27. Qxd4 Bxd4 28. Bb4 Rc2 29. a3 Bc5 30. Bxc5 Rxc5 31. Rb1 Rec8 32. Kf1 Rc1+ 33. Rxc1 Rxc1+ 0-1

[Event "XXVII. Rhein-Main-Open, Gruppe A"]
[Site "Bad Homburg vor der Höhe"]
[Date "2025.06.22"]
[Round "7.18"]
[White "Ploder, Udo"]
[Black "Seidel, Andre"]
[Result "0-1"]
[WhiteElo "1884"]
[BlackElo "2136"]
[PlyCount "168"]
[GameId "535116227318"]
[EventDate "2025.06.18"]
[WhiteTeam "SF Braunfels"]
[BlackTeam "SV Oberursel"]

1. e4 e6 2. d4 d5 3. e5 c5 4. c3 Nc6 5. Nf3 Bd7 6. Bd3 cxd4 7. cxd4 Qb6 8. Bc2 Nb4 9. Nc3 Nxc2+ 10. Qxc2 Qa6 11. Qb3 Ne7 12. Be3 Rc8 13. a3 Nc6 14. Qd1 Be7 15. Qe2 Qxe2+ 16. Kxe2 Na5 17. Nd2 O-O 18. Rhc1 Rc6 19. Na2 Rfc8 20. Rxc6 Rxc6 21. Rc1 Rxc1 22. Nxc1 Bb5+ 23. Kd1 Kf8 24. Kc2 Ke8 25. Kc3 Kd7 26. Ncb3 Nxb3 27. Kxb3 Bd3 28. Kc3 Be2 29. f4 g6 30. Nb3 Bd8 31. g3 Kc6 32. Nc1 Bc4 33. b3 Bf1 34. Nd3 Be7 35. Bc1 Bd8 36. Be3 Ba5+ 37. b4 Bd8 38. Nb2 a5 39. a4 axb4+ 40. Kxb4 Be7+ 41. Kb3 Kb6 42. Bd2 Ka6 43. Bb4 Bd8 44. Nd1 Bc4+ 45. Ka3 Bb6 46. Bc3 Be2 47. Ne3 Bd8 48. Bb4 g5 49. f5 Bb6 50. Bc3 h5 51. fxe6 fxe6 52. h3 Bd8 53. Bb4 Kb6 54. Nxd5+ exd5 55. e6 h4 56. e7 Bxe7 57. Bxe7 g4 58. gxh4 gxh3 59. Bd6 Ka5 60. Bc7+ b6 61. Bd6 Bd1 62. Bb4+ Ka6 63. Bd6 b5 64. axb5+ Kxb5 65. Kb2 Kc4 66. Be5 Kd3 67. Ka3 Ke4 68. Kb2 Bh5 69. Kc3 Ke3 70. Kc2 Kf3 71. Kd2 Bg6 72. Bd6 Kf2 73. Be5 Kg2 74. Ke3 Bf7 75. Bd6 h2 76. Bxh2 Kxh2 77. Kf4 Kh3 78. Kg5 Kg3 79. Kf6 Bg8 80. h5 Kf4 81. h6 Bh7 82. Kg7 Bf5 83. h7 Bxh7 84. Kxh7 Ke4 0-1

[Event "XXVII. Rhein-Main-Open, Gruppe A"]
[Site "Bad Homburg vor der Höhe"]
[Date "2025.06.22"]
[Round "7.20"]
[White "Fucik, Timo"]
[Black "Dolidze, David"]
[Result "1/2-1/2"]
[WhiteElo "1940"]
[BlackElo "1809"]
[PlyCount "90"]
[GameId "535116227320"]
[EventDate "2025.06.18"]
[WhiteTeam "SK 1926 Ettlingen"]
[BlackTeam "SC Eschborn 1974"]

1. d4 Nf6 2. Bg5 Ne4 3. Bf4 c5 4. f3 Nf6 5. d5 Nh5 6. Be3 d6 7. Nc3 g6 8. Qd2 Nd7 9. Bh6 Bxh6 10. Qxh6 Nhf6 11. e4 a6 12. Nh3 b5 13. Be2 c4 14. Ng5 Qb6 15. Qg7 Rf8 16. Nxh7 Nxh7 17. Qxh7 Qd4 18. Qh4 Nc5 19. Qf2 Qf6 20. O-O Qg7 21. a4 b4 22. Nd1 Bd7 23. Bxc4 Bxa4 24. Ra2 f5 25. exf5 gxf5 26. b3 Bd7 27. Nb2 Kf7 28. Nd3 Nxd3 29. Bxd3 Bb5 30. Qe2 Qd4+ 31. Kh1 Qxd5 32. Re1 e6 33. Bxb5 axb5 34. Rea1 Rxa2 35. Rxa2 Ra8 36. Rxa8 Qxa8 37. h4 Qa1+ 38. Kh2 Qd4 39. g3 e5 40. Kg2 e4 41. fxe4 Qxe4+ 42. Kf2 Kf6 43. Qd3 d5 44. Qxe4 fxe4 45. g4 d4 1/2-1/2

[Event "XXVII. Rhein-Main-Open, Gruppe A"]
[Site "Bad Homburg vor der Höhe"]
[Date "2025.06.22"]
[Round "7.22"]
[White "Kuhn, Gerhard"]
[Black "Griesfeller, Sven"]
[Result "0-1"]
[WhiteElo "2033"]
[BlackElo "1875"]
[PlyCount "100"]
[GameId "535116227322"]
[EventDate "2025.06.18"]
[WhiteTeam "SK Marburg 1931/72"]
[BlackTeam "Schachdrachen Büdingen-Wächtersb"]

1. e4 e5 2. Nf3 Nc6 3. Bc4 Bc5 4. c3 Nf6 5. d3 d6 6. Nbd2 a6 7. a4 O-O 8. O-O Be6 9. b4 Ba7 10. Bxe6 fxe6 11. Nc4 h6 12. Rb1 Ne7 13. b5 Ng6 14. Qb3 Qd7 15. b6 Bxb6 16. Nxb6 cxb6 17. Qxb6 Rfc8 18. c4 Rab8 19. Re1 Rc6 20. Qb4 Qc7 21. Be3 Kh8 22. Rb2 Nd7 23. Reb1 Nc5 24. Bxc5 Rxc5 25. Qb6 Nf4 26. Qa7 b5 27. Qxc7 Rxc7 28. Ne1 Rbc8 29. axb5 axb5 30. Rxb5 Ne2+ 31. Kf1 Nc3 32. R1b3 Nxb5 33. Rxb5 Ra8 34. Rb2 Rca7 35. Ke2 Ra2 36. Rxa2 Rxa2+ 37. Ke3 Kg8 38. Nf3 Kf7 39. Nd2 Ke7 40. Nb1 Kd7 41. Nc3 Ra5 42. Ne2 Kc6 43. f4 exf4+ 44. Nxf4 Kd7 45. h4 Ke7 46. g4 Kf6 47. Nh5+ Kf7 48. Nf4 Ra1 49. Ne2 Rh1 50. h5 Rh3+ 0-1

[Event "XXVII. Rhein-Main-Open, Gruppe A"]
[Site "Bad Homburg vor der Höhe"]
[Date "2025.06.22"]
[Round "7.24"]
[White "Dornblüth, Christian"]
[Black "Steigleder, Maximilian"]
[Result "0-1"]
[WhiteElo "1945"]
[BlackElo "1930"]
[PlyCount "188"]
[GameId "535116227324"]
[EventDate "2025.06.18"]
[WhiteTeam "SF Heidelberg"]
[BlackTeam "Sfr.1932 Kelkheim"]

1. d4 Nf6 2. c4 g6 3. Nc3 Bg7 4. e4 d6 5. f4 O-O 6. Nf3 Nbd7 7. Be2 c5 8. d5 Ne8 9. O-O Nc7 10. Be3 a6 11. a4 Rb8 12. Qd2 Nf6 13. h3 Bd7 14. Kh2 b5 15. axb5 axb5 16. e5 b4 17. Nd1 Ne4 18. Qc1 Ra8 19. Nf2 Nxf2 20. Bxf2 Rxa1 21. Qxa1 Qa8 22. Bd3 Rb8 23. Re1 Qb7 24. Qc1 Qa6 25. Be4 Na8 26. b3 Nb6 27. Qe3 Qc8 28. Ra1 Ra8 29. Qc1 Ra6 30. Bh4 Kf8 31. Bg3 Qa8 32. Rxa6 Qxa6 33. exd6 exd6 34. f5 Nc8 35. fxg6 hxg6 36. Qg5 Ne7 37. Qf4 Bf5 38. Bxf5 Nxf5 39. Qg5 Ke8 40. Qd2 Qa1 41. Bf4 Qb1 42. g4 Nd4 43. Ng5 Qxb3 44. Bxd6 Qc2 45. Qxc2 Nxc2 46. Ne4 Bd4 47. Bxc5 f5 48. gxf5 gxf5 49. Nd6+ Kd7 50. Bxb4 Be5+ 51. Kg2 Bxd6 52. Bd2 Na3 53. h4 Nxc4 54. Bc1 Nb6 55. Bb2 Nxd5 56. Kf3 Ke6 57. h5 Nf6 58. h6 Kf7 59. Bc1 Kg6 60. Bd2 Ng8 61. Bc1 Nxh6 62. Bd2 Nf7 63. Bc1 Ng5+ 64. Kg2 f4 65. Bxf4 Bxf4 66. Kf2 Kf5 67. Kg2 Ke4 68. Kf2 Ne6 69. Kg2 Ke3 70. Kf1 Bg3 71. Kg2 Bf2 72. Kf1 Ng5 73. Kg2 Ke2 74. Kh2 Kf3 75. Kh1 Ne4 76. Kh2 Bg3+ 77. Kh1 Nf2+ 78. Kg1 Bf4 79. Kf1 Bh2 80. Ke1 Ne4 81. Kf1 Nd2+ 82. Ke1 Ke3 83. Kd1 Kd3 84. Ke1 Bg3+ 85. Kd1 Nc4 86. Kc1 Bh4 87. Kd1 Nb2+ 88. Kc1 Kc3 89. Kb1 Kb3 90. Kc1 Bg5+ 91. Kb1 Nc4 92. Ka1 Bd2 93. Kb1 Na3+ 94. Ka1 Bc3# 0-1

[Event "XXVII. Rhein-Main-Open, Gruppe A"]
[Site "Bad Homburg vor der Höhe"]
[Date "2025.06.22"]
[Round "7.25"]
[White "Nickel, Jonas"]
[Black "Schmidt, Kai-Uwe"]
[Result "0-1"]
[WhiteElo "1926"]
[BlackElo "1989"]
[PlyCount "70"]
[GameId "535116227325"]
[EventDate "2025.06.18"]
[WhiteTeam "Schachdrachen Büdingen-Wächtersb"]
[BlackTeam "SC Pirmasens 1912"]

1. e4 c5 2. Nf3 Nc6 3. d4 cxd4 4. Nxd4 e6 5. Nb5 d6 6. c4 Nf6 7. N1c3 a6 8. Na3 b6 9. Be3 Be7 10. Be2 O-O 11. O-O Bb7 12. Qb3 Nd7 13. Rad1 Nc5 14. Bxc5 bxc5 15. Rd2 Qc7 16. Qd1 Rad8 17. Nc2 Bg5 18. Rd3 Bf4 19. Rh3 Be5 20. f4 Bf6 21. Bd3 g6 22. f5 Ne5 23. Ne3 Qe7 24. Bc2 Bc6 25. Qe2 Rb8 26. Ned1 Rfe8 27. b3 Bd7 28. Qe3 h5 29. Qg3 Ng4 30. Qd3 Bd4+ 31. Kh1 exf5 32. exf5 Bxf5 33. Nd5 Qg5 34. Rxf5 Qxf5 35. Rf3 Re1+ 0-1

[Event "XXVII. Rhein-Main-Open, Gruppe A"]
[Site "Bad Homburg vor der Höhe"]
[Date "2025.06.22"]
[Round "7.26"]
[White "Glasschröder, Maximilian"]
[Black "Spiegelberg, Silvia"]
[Result "1/2-1/2"]
[WhiteElo "1938"]
[BlackElo "1976"]
[PlyCount "61"]
[GameId "535116227326"]
[EventDate "2025.06.18"]
[WhiteTeam "SK Weilheim e.V."]
[BlackTeam "SF Sasbach e.V."]

1. e4 e5 2. Nf3 Nf6 3. Nxe5 Nxe4 4. Qe2 Qe7 5. Qxe4 d6 6. d4 dxe5 7. dxe5 Nc6 8. Nc3 Qxe5 9. Qxe5+ Nxe5 10. Nb5 Bd6 11. Nxd6+ cxd6 12. Bd2 Bf5 13. O-O-O O-O 14. h3 Rac8 15. Bc3 Rfd8 16. Bb5 d5 17. Ba4 Nc6 18. Rhe1 a6 19. g4 Be4 20. Bxc6 bxc6 21. Rd4 c5 22. Ra4 Rc6 23. Ba5 Rf8 24. c4 Rf6 25. cxd5 Bxd5 26. f4 Bc6 27. Rc4 Bb5 28. Rce4 Bc6 29. Rc4 Bb5 30. Rce4 Bc6 31. Rc4 1/2-1/2

[Event "XXVII. Rhein-Main-Open, Gruppe A"]
[Site "Bad Homburg vor der Höhe"]
[Date "2025.06.22"]
[Round "7.28"]
[White "Busch, Lorenz"]
[Black "Moldenhauer, Lennart"]
[Result "1/2-1/2"]
[WhiteElo "1972"]
[BlackElo "1751"]
[PlyCount "182"]
[GameId "535116227328"]
[EventDate "2025.06.18"]
[WhiteTeam "SC Bellheim"]
[BlackTeam "SV Oberursel"]

1. e4 g6 2. d4 Bg7 3. Nc3 d6 4. f4 Nf6 5. Nf3 O-O 6. Bd3 Nc6 7. O-O e5 8. fxe5 dxe5 9. d5 Ne7 10. Bg5 c6 11. Nxe5 cxd5 12. exd5 Qb6+ 13. Kh1 Nfxd5 14. Nxd5 Nxd5 15. Nc4 Qc5 16. Bd2 b5 17. Na5 Bxb2 18. Rb1 Nc3 19. Qf3 Nxb1 20. Rxb1 Be6 21. Rxb2 Qd4 22. Rb1 Bxa2 23. Nb3 Bxb3 24. Rxb3 Rac8 25. h3 a6 26. Kh2 Rfe8 27. Rb4 Qe5+ 28. Bf4 Qc3 29. Re4 Rxe4 30. Qxe4 Qf6 31. Bg3 Qc6 32. Qg4 h5 33. Qg5 Qe6 34. Be5 Re8 35. Bc3 Qc6 36. Bb2 Qd6+ 37. Kg1 Qb6+ 38. Kf1 Qe6 39. Qh4 g5 40. Bh7+ Kf8 41. Qb4+ Qe7 42. Qd2 f6 43. Bd3 Qe3 44. Qxe3 Rxe3 45. Bxf6 g4 46. Bg5 gxh3 47. gxh3 Re5 48. h4 a5 49. Bf4 Rd5 50. Ke2 a4 51. Be4 Rd4 52. Ke3 a3 53. Be5 Rd1 54. Ke2 Rd7 55. Bc3 a2 56. Bd3 Ra7 57. Ba1 Ra4 58. Bxb5 Rxh4 59. Bc6 Rb4 60. Bd5 Rb1 61. Bf6 a1=Q 62. Bxa1 Rxa1 63. Kf2 Ra3 64. c4 Rc3 65. Kg2 Kg7 66. Kh2 Kf6 67. Kg2 Kg5 68. Kh2 Kf4 69. Bf7 h4 70. Be6 Re3 71. Bd7 Rd3 72. Be6 Rd6 73. Bc8 Rc6 74. Bd7 Rxc4 75. Be6 Rd4 76. Bc8 Rb4 77. Bd7 Rd4 78. Bc8 Rd3 79. Be6 Rc3 80. Bd7 Re3 81. Bc8 Rg3 82. Bd7 Ke3 83. Bc8 Kf2 84. Bd7 Rc3 85. Be6 Ra3 86. Bd7 Re3 87. Bc8 Rd3 88. Be6 Ra3 89. Bd7 Rb3 90. Bc8 Rc3 91. Bd7 Ra3 1/2-1/2

[Event "XXVII. Rhein-Main-Open, Gruppe A"]
[Site "Bad Homburg vor der Höhe"]
[Date "2025.06.22"]
[Round "7.29"]
[White "Gundel, Julian"]
[Black "Calvi, Stefan"]
[Result "1-0"]
[WhiteElo "1785"]
[BlackElo "1968"]
[PlyCount "97"]
[GameId "535116227329"]
[EventDate "2025.06.18"]
[WhiteTeam "SV Königsspringer 1929 Großauhei"]
[BlackTeam "SV Oberursel"]

1. Nf3 Nf6 2. b3 g6 3. Bb2 Bg7 4. e3 c5 5. d4 cxd4 6. Bxd4 Nc6 7. Bb2 O-O 8. Be2 Qa5+ 9. Bc3 Qc7 10. O-O d6 11. Na3 a6 12. Bb2 Bf5 13. c4 Rac8 14. Rc1 Rfd8 15. Nd4 Bd7 16. Nac2 e5 17. Nxc6 bxc6 18. Bf3 Be6 19. e4 Qb8 20. Qe2 a5 21. Bc3 Qa7 22. Bd2 d5 23. exd5 cxd5 24. cxd5 Nxd5 25. Bxd5 Bxd5 26. Ne3 Be6 27. Rxc8 Rxc8 28. Qb5 a4 29. bxa4 Rb8 30. Qc6 Bd7 31. Qd6 Bxa4 32. Ng4 Qb6 33. Qe7 Qd4 34. Nh6+ Bxh6 35. Bxh6 e4 36. Rc1 Rd8 37. h4 Re8 38. Qc7 e3 39. Bxe3 Qd5 40. Qc4 Qxc4 41. Rxc4 Bb5 42. Rb4 Bd3 43. a4 f5 44. a5 Re4 45. Rb3 Bc2 46. Rc3 Bd1 47. a6 Re8 48. a7 Ba4 49. Bf4 1-0